Länder i Asien på svenska +karta (FN:s medlems- och observatörsstater) - Statistics

General Stats
  • This quiz has been taken 20 times
  • The average score is 44 of 49
Answers on the Map
Answers color-coded by a green-red scale on the quiz's map according to % correct below.
 
Answer Stats
Country % Correct
Afghanistan
100%
Azerbajdzjan
100%
Cypern
100%
Förenade Arabemiraten
100%
Georgien
100%
Indien
100%
Irak
100%
Iran
100%
Israel
100%
Japan
100%
Jemen
100%
Jordanien
100%
Kazakstan
100%
Kina
100%
Kirgizistan
100%
Mongoliet
100%
Nepal
100%
Nordkorea
100%
Oman
100%
Pakistan
100%
Ryssland
100%
Saudiarabien
100%
Sydkorea
100%
Thailand
100%
Turkiet
100%
Turkmenistan
100%
Uzbekistan
100%
Vietnam
100%
Bangladesh
86%
Bhutan
86%
Filippinerna
86%
Indonesien
86%
Malaysia
86%
Myanmar (Burma)
86%
Östtimor (Timor-Leste)
86%
Qatar
86%
Singapore
86%
Sri Lanka
86%
Syrien
86%
Tadzjikistan
86%
Armenien
71%
Bahrain
71%
Kuwait
71%
Laos
71%
Libanon
71%
Maldiverna
71%
Palestina
71%
Kambodja
57%
Brunei Darussalam
43%
No matching quizzes found
Score Distribution
Percent of People with Each Score
Percentile by Number Answered
Your Score History
You have not taken this quiz